000 00243nam a2200097Ia 4500
008 220204s9999 xx 000 0 und d
082 _a912(084.3)(53)
_bJOH
100 _aJohn Bartholomew
245 0 _aWorld travel map: Arabian gulf
942 _cBK
999 _c37678
_d37678